[Event "Mitropa Cup 19th"]
[Site "Baden"]
[Date "1999.04.09"]
[Round "8"]
[White "Olivier, Jean Christophe"]
[Black "Pelletier, Yannick"]
[Result "0-1"]
[WhiteElo "2421"]
[BlackElo "2483"]
[Annotator "Pelletier"]
[PlyCount "156"]
[EventDate "1999.04.??"]
[EventType "team-tourn"]
[EventRounds "9"]
[EventCountry "SUI"]
[Source "ChessBase"]
[SourceDate "1999.08.01"]

1. e4 c5 2. Nf3 d6 3. d4 cxd4 4. Nxd4 Nf6 5. Nc3 a6 6. Bc4 e6 7. Bb3 b5 8. O-O
Be7 9. Qf3 Qb6 10. Be3 Qb7 11. Qg3 b4 12. Na4 Nbd7 13. f3 (13. Rfe1 Qxe4 14.
Nxe6 $5 fxe6 15. Bf4 Qg6 16. Qf3 Rb8 17. Bxe6 Ne5 18. Bxe5 dxe5 19. Rxe5 Bxe6
20. Rxe6 Qxc2 21. Qg3 Rb7 22. Qxg7 Rf8 23. Rxa6 {ergab in Emms-King, Gausdal
1993 eine unklare Stellung; vernünftiger ist wahrscheinlich deshalb 13...0-0.})
13... O-O 14. c3 {Während der Partie war ich über die Oeffnung der b-Linie
zugunsten eines weissen Turms ein bisschen beunruhigt. Doch falls Schwarz die
Initiative seines Gegners begrenzen kann, verfügt er dank seiner besseren
Bauernstruktur über die besseren Chancen.} (14. Bh6 $2 {verliert wegen} Nh5 15.
Qh3 gxh6 $1 16. Qxh5 Qa7 17. Rad1 e5 {eine Figur.}) ({Normal sind} 14. Rfd1 {
, 14.Rac1 und 14.Ne2.}) 14... bxc3 15. bxc3 {[%csl Rc3][%cal Yb1b8]} (15. Nxc3
Nc5 16. Rad1 Kh8 17. Rd2 Nxb3 18. Nxb3 $11 {verdient gewiss den Vorzug.}) 15...
Ne5 16. Rfb1 (16. Rab1 Qc7 {ändert nicht viel zur Partie.}) (16. Bc2 Qc7 17.
Nb6 Rb8 18. Nxc8 Rfxc8 {stellt Schwarz vor keinerlei Probleme}) (16. Nb6 Nh5
17. Qh3 Qxb6 (17... Nf4 18. Bxf4 Qxb6 $11) 18. Qxh5 Qc7 {führt zum Ausgleich;
möglich ist aber 16...Rb8, mit wahrscheinlichem Uebergang zur Partie.}) 16...
Qc7 17. Nb6 {Dies war die Idee von Weiss, als er auf c3 mit dem Bauern
zurückschlag. Er errobert das schwarze Läuferpaar, leidet aber ständig unter
seinem strukturellen Defekt.} Rb8 (17... Qxc3 $6 18. Nxa8 Qxe3+ {habe ich eine
Weile berücksichtigt, doch dann sah ich das einfache} 19. Qf2 Qxf2+ 20. Kxf2 {
mit weissem Vorteil.}) 18. Nxc8 Qxc8 (18... Rfxc8 {verwarf ich wegen} 19. Nxe6
$1 fxe6 20. Bxe6+ Kh8 21. Bxc8 Rxc8 22. Bd4 {; mit Turm, 2 Bauern und
Aktivität für 2 Leichtfiguren ist der Vorteil von Weiss eindeutig.}) 19. Qe1
Nc4 20. Bf2 (20. Bg5 Qc5) {Ich war mit meiner Stellung ziemlich zufrieden,
doch ab diesem Moment fing ich an, komische Ideen zu entwickeln, die meinem
Gegner erlaubten, seine Kräfte zu koordinieren.} 20... Nd7 $6 (20... d5 {
ändert den Charakter der Stellung und wurde deshalb zurückgewiesen.} 21. Qe2 (
21. exd5 Nxd5 $15) (21. Bg3 Rb7 22. Bxc4 Rxb1 23. Rxb1 Qxc4 $13) 21... Na3 22.
Rd1 Bc5 $13) (20... Na3 {[%csl Ra1,Ra2] war vorzuziehen, da der weisse a-Bauer
fixiert bleibt und dabei die Koordinierung der Türme stört.}) 21. a4 $1 Na5 {
Vielleicht nicht schlecht, aber während der Partie wusste ich nicht genau, was
tun.} ({Dank} 21... Nde5 22. Qe2 (22. f4 $6 Nd3 23. Qe2 Nxf2 24. Bxc4 $6 Rxb1+
25. Rxb1 Nxe4 26. Bxa6 Nxc3 $17) 22... Bg5 {hätte Schwarz das Geschehen
kontrolliert.}) 22. Bc2 Qc7 23. Rb4 Rbc8 $2 {[%cal Yb1b8] Eine ganz falsche
Entscheidung. War es nicht logischer, ein Turmpaar zu tauschen anstatt dem
Gegner die einzige offene Linie zu überlassen?} (23... Bf6 24. Rab1 Rxb4 25.
Rxb4 Rc8 {hätte Schwarz leicht bessere Perspektiven versprochen.}) 24. Bd3 $1 {
Auf dieser Diagonale steht der Läufer viel aktiver; er kontrolliert das
schwache Feld c4 und drückt gegen a6.} Nc5 25. Bf1 Bf6 26. Rab1 Ra8 27. Qd1 Nd7
28. Qd2 Rfc8 29. Be1 h6 30. Kh1 Be5 31. g3 (31. f4 Bf6 32. f5 Nc5 $13) 31...
Bf6 {Da sich mein Gegner in ernster Zeitnot befand, entschied ich neutrale
Züge zu machen, um zu versuchen, ihn etwas zu verwirren.} 32. Be2 Qc5 33. Kg2
Ne5 34. Qa2 ({Nach} 34. Nb3 Nxb3 35. R1xb3 {hätte Weiss über leichten Vorteil
verfügt.}) 34... h5 ({Objektiv gesehen war} 34... Nec6 35. Rb6 Nxd4 36. cxd4
Bxd4 37. Rxa6 Nc6 {vernünftiger, da die schwarzen Kräfte gut zentralisiert
sind, was das Läuferpaar und den entfernten Freibauern von Weiss kompensiert.})
35. Bf1 $6 (35. Nb3 Nxb3 36. R1xb3 {war wiederum vorzuziehen.}) 35... Nac6 36.
Rb6 $6 (36. Nxc6 Rxc6 {war unklar, hätte aber eine schwarze Invasion auf der 2.
Reihe nicht zugelassen.}) 36... Nxd4 37. cxd4 Qc2+ 38. Qxc2 Rxc2+ 39. Bf2 Ng4
$1 40. Rb8+ $2 {Diese normale Reflex-Reaktion in hoher Zeitnot führt zu einem
schwierigen Endspiel mit ungleichfarbigen Läufern.} ({Nach} 40. fxg4 Bxd4 41.
Rxd6 Bxf2 42. Rxa6 Rxa6 43. Bxa6 hxg4 {wäre das Unentschieden ein logisches
Ende.}) 40... Rxb8 41. Rxb8+ Kh7 42. fxg4 Bxd4 43. Kh3 (43. Bxa6 hxg4 {war
unbedenklich}) ({während} 43. Bd3 Rxf2+ 44. Kh3 hxg4+ 45. Kxg4 d5 $1 {das
gleiche Motiv wie in der Partie hätte auftauchen lassen.}) 43... Rxf2 44. Bxa6
{An dieser Stelle dachte ich etwa 15 Minuten. Ich fühlte, dass dem weissen
König etwas passieren sollte, fand aber den richtigen Weg nicht sofort.} {
Schliesslich entschied ich mich für das logische} hxg4+ ({Sogar} 44... h4 {
nahm ich in Betracht.} {Doch nach} 45. gxh4 g5 (45... Be5 46. g5 d5 47. Rb4 $13
) 46. Kg3 gxh4+ 47. Kxh4 {vermochte ich nichts Genügendes zu finden.}) (44...
d5 {wäre ein Versuch, die beiden taktischen Objekte auf der Diagonale h2-b8 
(Ph2+Rb8) aufzudecken. Auch gibt es aber einen Haken:} 45. Rb4 $5 (45. exd5
hxg4+ 46. Kxg4 f5+ 47. Kh3 g5 48. g4 Be5 {führt bald zum Matt.}) ({und} 45.
gxh5 dxe4 {sieht auch für Schwarz gut aus.}) 45... hxg4+ 46. Kxg4 Rd2 {und die
schwarze Initiative ist spürbar.}) 45. Kxg4 f5+ $1 {[%csl Rg4] In Endspielen
mit ungleichfarbigen Läufern ist per Anwesenheit von Türmen der Besitz der
Initiative ein viel wichtigerer Faktor als die Anzahl der Bauern. Aus diesem
Grunde verwarf ich das Schlagen auf h2. Mir genügte, die Stellung nach meinem
48. Zug richtig einzuschätzen.} 46. exf5 exf5+ 47. Kh3 g5 $1 48. g4 f4 {[%csl
Rh3][%cal Gd4e5,Gf4f3,Gf2h2] Diese Stellung hatte ich mir vorgeschwebt. Der
weisse König ist in grosser Mattgefahr, da Schwarz einfach Be5-f3-Rxh2#
spielen möchte. Um dies zu verhindern, muss jetzt auch noch der weisse Turm
einen ganz passiven Platz einnehmen.} 49. Rb1 Be5 50. Rc1 Kg7 (50... f3 51. Rc2
$1 {musste vermeidet werden.}) 51. Rf1 $6 {Nach diesem Fehler ist der a-Bauer
nicht zu retten.} ({Nach} 51. Bb7 Ra2 52. Bc6 {gewinnt Schwarz wie folgt:} Kf6
53. Rf1 Ke7 54. Rd1 Kd8 55. Rc1 f3 56. Rh1 Rf2 $1 57. a5 {(sonst kommt der
König nach a5, mit Zugzwang)} Kc7 58. Bd5 Kb8 59. a6 Ka7 60. Bb7 Bf4 {und
Weiss befindet sich in Zugzwang; entweder fällt der a-Bauer, oder der d-Bauer
läuft.}) 51... Ra2 52. Rf3 (52. Bb5 f3 53. Rh1 Rc2 $1 {[%csl Yc6][%cal Gc2c8,
Gc8h8,Yb5c6] (/\Rc8-h8#)} 54. Ba6 Rb2 55. Bb5 d5 56. Be8 Bd6 $1 {und der
Vorstoss des d-Bauern entscheidet rasch.}) 52... Rxa4 53. Bf1 Ra2 {[%cal Ra2h2,
Rh2a2]} 54. Bg2 Rd2 {Schwarz hat seine ''Standard''-Aufstellung wieder
genommen; Turm auf der 2. Reihe mit der latenten Drohung f3-Txh2#, die den
Weissen zur Passivität verurteilt.} 55. Rf1 Kf6 56. Bf3 Ke7 57. Rd1 Rf2 58. Rd3
d5 59. Bg2 d4 60. Rf3 Rd2 61. Bf1 Kd6 62. Bd3 Kd5 63. Bg6 ({Auf} 63. Be4+ {ist}
Kc4 {am einfachsten.}) 63... Bd6 64. Bf5 Bb4 65. Rb3 Kc4 66. Be6+ Kc5 67. Bf5
Rf2 68. Bg6 Bc3 69. Rb8 $6 $138 ({Nach} 69. Bf7 {hätte} Rc2 70. Bg6 Rd2 {
entscheidet.}) 69... d3 70. Rc8+ Kb4 71. Rb8+ Ka3 72. Bxd3 $6 Rf3+ 73. Kg2 Rxd3
74. Rb5 f3+ 75. Kf2 Bd4+ 76. Kg3 f2+ 77. Kg2 Rd1 78. Rf5 Rg1+ 0-1

[Event "Mitropa Cup 19th"]
[Site "Baden"]
[Date "1999.04.09"]
[Round "8"]
[White "Polak, Tomas"]
[Black "Palac, Mladen"]
[Result "1/2-1/2"]
[WhiteElo "2488"]
[BlackElo "2589"]
[PlyCount "20"]
[EventDate "1999.04.??"]
[EventType "team-tourn"]
[EventRounds "9"]
[EventCountry "SUI"]
[Source "ChessBase"]
[SourceDate "1999.08.01"]

1. d4 Nf6 2. c4 e6 3. Nf3 b6 4. g3 Ba6 5. b3 Bb4+ 6. Bd2 Be7 7. Bg2 d5 8. Bc3
O-O 9. O-O Bb7 10. Nbd2 Na6 1/2-1/2

[Event "Mitropa Cup 19th"]
[Site "Baden"]
[Date "1999.04.09"]
[Round "8"]
[White "Zelcic, Robert"]
[Black "Jirovsky, Milos"]
[Result "0-1"]
[WhiteElo "2554"]
[BlackElo "2459"]
[PlyCount "92"]
[EventDate "1999.04.??"]
[EventType "team-tourn"]
[EventRounds "9"]
[EventCountry "SUI"]
[Source "ChessBase"]
[SourceDate "1999.08.01"]

1. e4 c5 2. Nf3 d6 3. d4 Nf6 4. Nc3 cxd4 5. Qxd4 Nc6 6. Bb5 Bd7 7. Bxc6 Bxc6 8.
Bg5 e6 9. O-O-O Be7 10. Rhe1 Qa5 11. Kb1 O-O 12. Qd2 Qc7 13. Nd4 Rfd8 14. f3 a6
15. g4 Be8 16. Nce2 a5 17. Ng3 a4 18. Rg1 Qa5 19. Qc1 a3 20. b3 Kf8 21. Nh5
Nxh5 22. gxh5 g6 23. hxg6 hxg6 24. h4 Bxg5 25. Rxg5 e5 26. h5 f6 27. Ne6+ Ke7
28. Nxd8 Rxd8 29. Rd5 Qc3 30. Rg1 gxh5 31. Qxa3 Qxf3 32. Rg7+ Bf7 33. Qa5 Rd7
34. Qb5 Kf8 35. Rg1 Ke7 36. Rg7 Kf8 37. Rd3 Qxe4 38. Qxd7 Kxg7 39. Qxd6 h4 40.
Rd1 Bg6 41. Qe7+ Kh6 42. Rc1 Kg5 43. Qd7 Qg2 44. Qd1 h3 45. Qh1 Bxc2+ 46. Ka1
Qxh1 0-1

[Event "Mitropa Cup 19th"]
[Site "Baden"]
[Date "1999.04.10"]
[Round "9"]
[White "Bergez, Luc"]
[Black "Weiss, Christian"]
[Result "1-0"]
[WhiteElo "2375"]
[BlackElo "2440"]
[Annotator "Lukacs"]
[PlyCount "81"]
[EventDate "1999.04.??"]
[EventType "team-tourn"]
[EventRounds "9"]
[EventCountry "SUI"]
[Source "ChessBase"]
[SourceDate "1999.08.01"]

1. e4 c6 2. d4 d5 3. e5 Bf5 4. Nc3 Qb6 5. Nf3 e6 6. Be2 Nd7 (6... Bg4 7. O-O
Ne7 8. Na4 {This is White's typical plan here with b3 and c4 attacking the [+].
} Qc7 9. b3 Nd7 10. c4 Ng6 11. h3 Bxf3 12. Bxf3 b5 {Opening up the position
usually favours White, but it is not easy to remain in passivity.} 13. Nc3 bxc4
14. bxc4 Be7 15. g3 O-O 16. h4 {The N on g6 is awful.} Rfb8 17. h5 Ngf8 18. h6
Ng6 19. c5 $14 {with a huge space advantage on both flanks, Sutovsky-Magem
Badels, Elista olm 1998.}) (6... c5 {White is usually happy, when Black starts
the fight for the [+] too early.} 7. O-O Nd7 8. dxc5 Bxc5 9. Na4 {There is
something wrong with the Q on b6 because of this typical blow.} Qc7 10. Nxc5
Qxc5 11. Nd4 Ne7 12. Be3 Qa5 13. b4 $1 Qd8 14. f4 O-O 15. a4 Rc8 16. a5 Be4 17.
Bd3 a6 18. Ra3 $14 {Galdunts-Grote, St.Petersburg op 1992}) 7. O-O Ne7 8. b3 (
8. Nh4) 8... Bg4 (8... c5 {Shirov-Hracek, Ostrava Match (2) 1998 CBM 68}) (8...
a6 {Shirov-Hracek, Ostrava Match (2) 1998 CBM 68}) 9. Na4 Qc7 10. c4 Nf5 (10...
c5 $6 {works only for White, as it was mentioned before.} 11. Nc3 {/\ Nb5} Qc6
12. Nb5 Nf5 13. dxc5 Bxf3 14. Bxf3 Bxc5 15. a4 {/\ cxd5} Ne7 16. cxd5 Nxd5 17.
Bb2 $16 {Atatabo-J.Santos, Manila olm 1992}) (10... dxc4 {gives up Black's
stronghold on d5.} 11. bxc4 Nf5 12. Bb2 Be7 13. Qb3 O-O 14. Rfd1 f6 15. d5 $1
fxe5 16. dxe6 Nc5 17. Nxc5 Bxc5 18. Rd7 $1 $16 ({but not} 18. Bxe5 Qe7 19. Re1
$4 Bxf2+ $1 $19 {Tagnon-Delemarre, Antwerpen op 1996})) 11. cxd5 ({Keeping the
tension in the [+] seems to be logical here:} 11. Bb2 Be7 12. Rc1 Nb6 13. Nxb6
axb6 14. a4 Qd7 15. h3 Bxf3 16. Bxf3 $14 {with space advantage and ^^,
Tagnon-Delemarre, Antwerpen op 1996.}) 11... cxd5 12. Bb2 Be7 13. Rc1 Qd8 14.
Qc2 {/\ Qc7 penetrating on the c <->.} Bxf3 (14... O-O 15. Qc7 b6 16. Qxd8
Rfxd8 17. Rc7 $16) 15. Bxf3 Bg5 {This was the idea of giving up the ^^.} 16.
Rcd1 Ne7 (16... O-O 17. Bg4 $1 {attacking the blockading N.} g6 (17... Ne7 18.
f4 Bh6 19. f5 $16) 18. Qd3 Rc8 19. f4 Be7 20. Rc1 $14) (16... Rc8 17. Qd3 O-O
18. Bg4 $14) 17. Be2 (17. Bg4 $5 {has a similar idea to the previous note.})
17... Rc8 18. Qd3 Nc6 $5 {This allows the quick march of the f P.} (18... O-O
19. f4 Bh6 20. Ba3 $16 {and the B on h6 is completely out of play, while his
colleague attacks on the /^ a3-f8.}) 19. f4 Be7 20. f5 $16 exf5 21. Qxf5 O-O
22. Bg4 (22. e6 Nf6 23. exf7+ Rxf7 24. Bg4 Rc7 25. Qe6 $16) 22... Rc7 23. Nc3 (
23. e6 $16) 23... Nb6 24. Nb5 Rc8 25. Qh5 g6 26. Qh6 Bg5 $2 {Inserting this
move will have fatal consequences for Black.} (26... Ra8 {was the persistant
defence.} 27. Rd3 $1 (27. Rxf7 $4 Rxf7 28. Be6 Qf8 $1) (27. e6 f5) 27... Bg5
28. Qh3 $16) 27. Qh3 Rb8 {[#]} 28. Rxf7 $3 {This destroys Black's defence,
because the pin is lethal on the /^ a2-g8.} Rxf7 29. Be6 Kg7 (29... Qf8 30. Nd6
Nd8 31. Bxf7+ Nxf7 32. Rf1 $18) (29... Qe7 30. Ba3 $18) 30. Bxf7 a6 (30... Kxf7
31. Qxh7+) 31. Nd6 Be7 32. Rf1 Bxd6 33. Be6 $1 {This is again a nice
intermediate move!} Qe8 34. exd6 (34. Rf7+ {is also winning:} Qxf7 35. Bxf7 Be7
(35... Kxf7 $2 36. Qxh7+ $18) 36. Be6 $18) 34... Nd8 35. Bg4 h5 36. Bd1 Nd7 37.
Qg3 Nf6 38. Re1 Qc6 39. Qf4 Nf7 40. Re6 Ne4 41. Qxe4 $1 1-0

[Event "Mitropa Cup 19th"]
[Site "Baden"]
[Date "1999.04.10"]
[Round "9"]
[White "Gyimesi, Zoltan"]
[Black "Cvek, Robert"]
[Result "1-0"]
[WhiteElo "2529"]
[BlackElo "2442"]
[PlyCount "97"]
[EventDate "1999.04.??"]
[EventType "team-tourn"]
[EventRounds "9"]
[EventCountry "SUI"]
[Source "ChessBase"]
[SourceDate "1999.08.01"]

1. d4 Nf6 2. c4 e6 3. Nf3 b6 4. g3 Bb4+ 5. Bd2 a5 6. Bg2 Bb7 7. O-O O-O 8. Bf4
Re8 9. c5 a4 10. a3 Ba5 11. Qxa4 Bd2 12. Qc2 Bxf4 13. gxf4 Be4 14. Qc1 Nc6 15.
Nbd2 Bd5 16. Qc2 Ne7 17. Rac1 Ng6 18. e3 b5 19. h3 Nh5 20. Kh2 f5 21. Rg1 Rf8
22. Ne5 Bxg2 23. Nxg6 Bd5 24. Nxf8 Qh4 25. Rcf1 Nf6 26. f3 Rxf8 27. Nb1 Bc4 28.
Qf2 Qh5 29. Rg5 Qh6 30. Rfg1 g6 31. Nc3 b4 32. axb4 Rb8 33. b3 Bxb3 34. b5 Qf8
35. Qh4 Kf7 36. Rb1 Bc4 37. Rb4 Bd3 38. Rg2 d6 39. cxd6 Qxd6 40. Rgb2 c5 41.
Ra4 Rb7 42. Rd2 c4 43. Kg2 Kg7 44. Ra6 Qe7 45. Rda2 Rd7 46. R2a4 Bc2 47. Rxc4
Bb3 48. Rc5 Rc7 49. Rac6 1-0

[Event "Mitropa Cup 19th"]
[Site "Baden"]
[Date "1999.04.10"]
[Round "9"]
[White "Huebner, Robert"]
[Black "Gallagher, Joseph G"]
[Result "1/2-1/2"]
[WhiteElo "2585"]
[BlackElo "2519"]
[Annotator "Stohl,I"]
[PlyCount "82"]
[EventDate "1999.04.??"]
[EventType "team-tourn"]
[EventRounds "9"]
[EventCountry "SUI"]
[Source "ChessBase"]
[SourceDate "1999.08.01"]

1. d4 Nf6 2. c4 g6 3. g3 Bg7 4. Bg2 O-O 5. Nc3 d6 6. Nf3 Nbd7 7. O-O e5 8. e4
a6 $5 {A clever move-order. Black waits for White to commit himself.} 9. d5 {
[%csl Rg2] In the fianchetto King's Indian White doesn't close the [+] so
often, after all his Bg2 is then rather passively placed. (compared to e2) If
White doesn't want to play the 9.Qc2 lines, he can try} (9. h3 b5 10. Qc2 $5 (
10. Qe2 bxc4 $6 11. dxe5 dxe5 12. Qxc4 a5 13. Rd1 Ba6 14. Qc6 Qc8 15. Be3 a4
16. Rac1 Bb7 17. Qc4 Ba6 18. Qb4 c5 19. Qa3 Re8 20. Nd2 Bf8 21. Nd5 Qd8 22. Nc4
Bxc4 23. Rxc4 Qa5 24. Nxf6+ Nxf6 25. Bxc5 $16 {Relange,E-Nelson,J/Cappelle op/
1995/}) 10... bxc4 11. dxe5 dxe5 12. Be3 Qe7 13. Na4 Qb4 14. Nd2 Bb7 15. a3 Qb5
16. Rfc1 Rab8 17. Bf1 Nxe4 18. Nxe4 Bxe4 19. Qxe4 Qxa4 20. Bxc4 Kh8 21. b3 Nf6
22. bxa4 Nxe4 23. Bxa6 $36 {[%csl Ga4,Ga6,Ge3] _|_,^^,o^a,Tukmakov,V-Weindl,A/
Lugano op/1986/}) ({The innacurate} 9. Re1 $6 exd4 10. Nxd4 Ng4 $1 $11 {allows
Black to solve his opening problems easily.}) 9... Ne8 {A typical KID move,
which is however rather rarely played in this position.} (9... h6 $6 10. Bd2
Kh7 11. Qc2 Nh5 12. b3 Qe7 13. Bh3 c5 14. dxc6 bxc6 15. Rad1 Nc5 16. Bxc8 Raxc8
17. Be3 Ne6 18. Qd3 Qf6 19. Qe2 Rfd8 20. Rd3 Bf8 21. Rfd1 Re8 22. b4 Rb8 23.
Rb1 Nc7 24. a4 Qe6 25. Nd2 Nf6 26. Qf3 Red8 27. b5 $16 {Horvath,C-Rechlis,G/
Gausdal/1986/}) ({The most usual move is also quite playable:} 9... b5 10. cxb5
(10. Nd2 $5 Nb6 $142 $1 (10... Nc5 11. Nb3 Nxb3 12. axb3 Bd7 13. Qe2 Qb8 14.
Rd1 Qb7 15. c5 $1 dxc5 16. Be3 Ne8 17. Bxc5 Nd6 18. b4 Rae8 19. Ra3 Bc8 20. Nb1
f5 21. Nd2 Rf6 22. exf5 gxf5 23. Nb3 Bd7 24. Na5 Qa8 25. Rc3 Rf7 26. Nc6 e4 27.
Bd4 $36 {Velikov,P-Vogt,L/Sofia/1986/}) 11. cxb5 axb5 12. b4 Bd7 {just
transposes into 10.cb5}) 10... axb5 11. b4 Nb6 12. Qe2 (12. Nd2 Bd7 13. Qe2 Qe8
14. Rd1 c6 15. dxc6 Bxc6 16. Nf1 Na4 17. Bd2 Nxc3 18. Bxc3 Qe6 19. a3 Rfd8 20.
Bb2 Qe7 21. Ne3 Qb7 22. Nd5 Nxd5 23. exd5 Bd7 24. Rac1 Rac8 $11 {1/2,
Kastanieda,G-Belov,V/Moscow-ch op/1998/}) 12... Bd7 13. Bg5 Qe8 $1 (13... Qb8
$6 14. Rfc1 h6 15. Bxf6 Bxf6 16. Bf1 Ra3 17. Qb2 Qa7 18. Nd2 Bg5 19. h4 Bxd2
20. Qxd2 Kg7 21. Bxb5 Rb8 22. Kg2 Qb7 23. Bxd7 Nxd7 24. Rab1 Rba8 25. Qe2 Nf6
26. Rc2 Ne8 27. Rbb2 R8a6 28. h5 $16 {Hansen,C-Arduman,C/Copenhagen Politiken
Cup/1996/}) 14. Nd2 h5 15. Bxf6 Bxf6 16. h4 Bg7 17. Rfc1 Bh6 18. Rc2 f5 19.
exf5 gxf5 20. Bf3 e4 21. Bxh5 Qe5 22. Rd1 {Semkov,S-Volke,K/Albena/1987/} Ra3
23. Ndb1 Ra7 $44) ({Another logical move is} 9... Nc5 10. Qc2 a5 11. b3 Nh5 12.
Rb1 f5 13. Ne1 Qe8 14. a3 fxe4 15. b4 axb4 16. axb4 Nd3 17. Nxd3 exd3 18. Qxd3
Bf5 19. Ne4 Nf6 20. Be3 Ng4 21. c5 Ra2 22. Qb3 Nxe3 23. Qxa2 Nxf1 24. Kxf1 Qb5+
25. Qe2 Qa4 26. g4 Bxe4 27. Bxe4 Qa3 28. f3 Bh6 $11 {Meixner,H-Wilfling,H/St.
Veit op/1995/}) 10. Bd2 c5 $1 (10... h6 $143 $6 11. Qc1 Kh7 12. Qc2 $1 Nb6 13.
b3 f5 14. exf5 Bxf5 15. Ne4 g5 16. h4 g4 17. Nh2 Kh8 18. Rae1 Nd7 19. Qc1 Kh7
20. f3 gxf3 21. Rxf3 Bxe4 22. Rxf8 $1 Bg6 23. Rf2 Nef6 24. g4 a5 25. h5 Bd3 26.
Bf1 $18 {Ribli,Z-Kindermann,S/Dortmund/1986/}) 11. a4 $146 (11. Rb1 Nc7 12. b4
cxb4 13. Rxb4 f5 14. Ne1 b5 $1 15. cxb5 Nxb5 16. Nd3 Nf6 17. exf5 $6 Bxf5 18.
Nc1 Nd4 19. Nb3 Bc2 20. Qc1 Bxb3 21. axb3 a5 22. Rxd4 exd4 23. Nb5 Ng4 24. Bh3
Qb8 25. Na3 Ne5 $17 {Gauglitz,G-Knaak,R/Halle/1987/}) (11. dxc6 bxc6 12. b4 $6
Nb6 13. c5 Nc4 $1 14. Qe2 Nxd2 15. Qxd2 Qe7 16. Rac1 dxc5 17. bxc5 Bg4 18. Rfd1
Bf6 19. h4 Rc8 20. Na4 Nc7 21. Qd6 Nb5 22. Qxe7 Bxe7 23. Nxe5 Bxd1 24. Rxd1
Rfd8 25. Rxd8+ Bxd8 26. Bh3 $15 {1/2,Jussupow,A-Reyes,J/Dubai olm/1986/}) 11...
a5 $5 {Probably the soundest. This stops any plans White might have had on the
<< (a5,b4!? etc.) and with play shifting to the >> Black will be able to hold
the balance despite White's ().} 12. h4 (12. Nb5 Ndf6 {/\Nc7=}) (12. Ne1 f5 13.
exf5 gxf5 14. Nd3 Ndf6 $132) 12... Ndf6 (12... f5 $2 13. Ng5 Nb6 14. Qb3 $36 {
[%csl Re6] ><e6}) 13. Ne1 Nh5 $1 14. Qe2 (14. Bf3 Bh3 15. Ng2 Nef6 16. Be2 Qd7
$132) 14... Nef6 15. Nc2 Ng4 16. Ne3 Bh6 $1 $11 {This move forces further
advantageous exchanges and equalizes.} 17. Nxg4 (17. Ncd1 Nxe3 18. Nxe3 Ng7 {
[%cal Yf7f5] /\f5<=>}) 17... Bxd2 18. Qxd2 Bxg4 19. Nb5 (19. Kh2 Bd7 20. Bh3 f5
$11) 19... Qe7 20. Ra3 Bd7 21. Rb3 b6 {Black is patient and doesn't rush his
play.} (21... f5 $143 $6 22. Qg5 Qxg5 23. hxg5 Bxb5 24. Rxb5 fxe4 25. Rb6 $5
$36) 22. Qh6 Bxb5 23. Rxb5 Rab8 24. Bh3 Ng7 25. Re1 f5 26. Qg5 (26. f3 f4 (
26... fxe4 27. fxe4 Rf3 28. Re3 Qf6 29. Rbb3 Rf2 30. Bg2 $14) 27. g4 $8 Ne8 28.
g5 Nc7 $11) 26... Qxg5 27. hxg5 fxe4 28. Rxe4 Rf3 $1 {[%cal Rf3d3,Rd3d4] /
\Rd3-d4} 29. Re3 (29. Kg2 Rd3 (29... Rbf8 $6 30. Re2 $16 {[%csl Rb6] ><b6} (30.
Rxb6 Rxf2+ 31. Kg1 Rd2 32. Bg4 Nf5 $132)) 30. f4 Ne8 $1 (30... Nf5 31. Bxf5
gxf5 32. Re2 exf4 33. gxf4 Rd4 $132) 31. fxe5 dxe5 $15 {/\Nd6|^}) 29... Rxe3
30. fxe3 Ne8 31. Rb3 Nc7 $11 32. Rc3 (32. e4 Na6 {/\Nb4-c2-d4|^} 33. Rc3 Kg7
34. Kg2 $11) 32... Rf8 33. Rb3 Rb8 34. Rc3 Kg7 (34... Na6 35. Bg2 Kg7 36. Be4
$11) 35. Rc2 Rf8 36. Rf2 Rxf2 37. Kxf2 h6 38. gxh6+ Kxh6 39. e4 Ne8 (39... Na6
40. Ke2 Nb4 41. Kd2 $11) 40. Kf3 Nf6 41. Be6 Kg5 {[%csl Re6,Gf6] Although
Black formally has the better minor piece, the position is too blockaded for
him to make any inroad for his K.} 1/2-1/2